00487nam a2200181 a 4500001001300000003000900013005001700022008004100039020002300080082001400103100002100117245005200138260003700190300000900227500003500236650001300271700002100284nice12345678IN_TiNIC20260116014150.0140523s2007 enga grp 000 0 eng  a9788171099634c14000a230bCAL2 aCallahan, Sidney aCreated for Joyb A Christian View of Suffering aEngland bSt. Pauls Pubs. c2007 a237p aincludes index and biblioraphy aTheology1 aCallahan, Sidney